[Event "Sanem rapid op 3rd"]
[Site "Sanem"]
[Date "2017.09.24"]
[Round "2"]
[White "David, Alberto"]
[Black "Kalmes, Rene"]
[Result "1-0"]
[WhiteElo "2576"]
[BlackElo "2016"]
[PlyCount "63"]
[EventDate "2017.09.24"]
[EventType "swiss (rapid)"]
[EventRounds "9"]
[EventCountry "LUX"]
[SourceTitle "CBM 180 Extra"]
[Source "ChessBase"]
[SourceDate "2017.10.06"]
[SourceVersion "1"]
[SourceVersionDate "2017.10.06"]
[SourceQuality "1"]

1. e4 c5 2. Nf3 Nc6 3. Bb5 g6 4. Bxc6 bxc6 5. 0-0 Bg7 6. Re1 d6 7. h3 e5 8. c3 Ne7 9. d4 cxd4 10. cxd4 0-0 11. dxe5 dxe5 12. Qc2 Qc7 13. Be3 h6 14. Na3 Be6 15. Rac1 Rab8 16. b3 Qa5 17. Qb2 Kh7 18. Bc5 Rfe8 19. Red1 f5 20. Nd2 fxe4 21. Nxe4 Nd5 22. Nc4 Qd8 23. Bd6 Rb7 24. Bxe5 Bxe5 25. Nxe5 Rb4 26. Nxc6 Qh4 27. Nxb4 Qxe4 28. Nxd5 Bxd5 29. Rc7+ Re7 30. Rxe7+ Qxe7 31. Rxd5 Qe1+ 32. Kh2 1-0

[Event "LUX-chT 2016/17"]
[Site "Luxembourg"]
[Date "2016.12.11"]
[Round "5"]
[White "Kalmes, Rene"]
[Black "Bjarnason, Oskar"]
[Result "0-1"]
[WhiteElo "2015"]
[BlackElo "2241"]
[PlyCount "74"]
[EventDate "2016.09.25"]
[EventType "team-tourn"]
[EventRounds "10"]
[EventCountry "LUX"]
[SourceTitle "EXT 2018"]
[Source "ChessBase"]
[SourceDate "2017.10.13"]
[SourceVersion "1"]
[SourceVersionDate "2017.10.13"]
[SourceQuality "1"]

1. e4 d5 2. exd5 Qxd5 3. Nc3 Qa5 4. d4 Nf6 5. Bc4 Nc6 6. d5 Nb4 7. Bd2 Qc5 8. Bb5+ c6 9. dxc6 Nxc6 10. Be3 Qb4 11. Nge2 Bg4 12. f3 Bd7 13. 0-0 e6 14. a3 Qd6 15. Qe1 Qc7 16. Rd1 Bd6 17. g3 a6 18. Bd3 Ne5 19. Be4 Nc4 20. Bc1 Bc5+ 21. Kg2 Be3 22. Rd3 Bxc1 23. Qxc1 0-0 24. Rfd1 Rad8 25. b3 Ne5 26. Rd4 Nxe4 27. Nxe4 Bc6 28. Qd2 Rxd4 29. Qxd4 Nxf3 30. Kxf3 f5 31. Ke3 Bxe4 32. c4 h6 33. Qd6 Qf7 34. Nc3 Bc6 35. Kf2 Qh5 36. Qxe6+ Kh8 37. Rd3 Qxh2+ 0-1

[Event "LUX-chT 2016/17"]
[Site "Luxembourg"]
[Date "2016.10.23"]
[Round "3"]
[White "Koch, Dirk"]
[Black "Kalmes, Rene"]
[Result "1-0"]
[WhiteElo "2052"]
[BlackElo "2018"]
[PlyCount "67"]
[EventDate "2016.09.25"]
[EventType "team-tourn"]
[EventRounds "10"]
[EventCountry "LUX"]
[SourceTitle "EXT 2018"]
[Source "ChessBase"]
[SourceDate "2017.10.13"]
[SourceVersion "1"]
[SourceVersionDate "2017.10.13"]
[SourceQuality "1"]

1. e4 c5 2. c3 d5 3. exd5 Nf6 4. d4 Nxd5 5. Nf3 e6 6. Be2 Nc6 7. 0-0 Be7 8. dxc5 Bxc5 9. c4 Ndb4 10. Nc3 0-0 11. a3 Qxd1 12. Rxd1 Nc2 13. Rb1 N2d4 14. Nxd4 Bxd4 15. Be3 Bxe3 16. fxe3 Ne5 17. Rd6 Bd7 18. Rbd1 Rfd8 19. Bf3 Kf8 20. Bxb7 Rab8 21. Ba6 Ke7 22. b4 Ng4 23. e4 Ne3 24. R1d2 Nd5 25. Rxd7+ Rxd7 26. exd5 Rd6 27. b5 exd5 28. c5 Rxa6 29. Nxd5+ Ke6 30. Nc7+ Kf5 31. Nxa6 Rxb5 32. c6 Rb1+ 33. Kf2 Rc1 34. c7 1-0

[Event "Cappelle op 30th"]
[Site "Cappelle la Grande"]
[Date "2014.03.05"]
[Round "6"]
[White "Kalmes, Rene"]
[Black "Mevel, Alberic"]
[Result "0-1"]
[WhiteElo "1982"]
[BlackElo "2236"]
[PlyCount "70"]
[EventDate "2014.03.01"]
[EventType "swiss"]
[EventRounds "9"]
[EventCountry "FRA"]
[SourceTitle "CBM 159 Extra"]
[Source "ChessBase"]
[SourceDate "2014.04.24"]
[SourceVersion "1"]
[SourceVersionDate "2014.04.24"]
[SourceQuality "1"]

1. e4 d5 2. exd5 Nf6 3. c4 e6 4. dxe6 Bxe6 5. d4 Bb4+ 6. Nc3 Ne4 7. Qc2 Qxd4 8. Nf3 Bxc3+ 9. bxc3 Qxc3+ 10. Qxc3 Nxc3 11. Bb2 Na4 12. Bxg7 Rg8 13. Be5 Na6 14. Bd3 h6 15. 0-0 0-0-0 16. Be2 Bh3 17. Bg3 Nc3 18. Rfe1 Nxe2+ 19. Rxe2 Be6 20. Ne5 Nc5 21. Bh4 Rd4 22. Be7 Nd7 23. c5 Bd5 24. f3 Nxe5 25. Rxe5 Bxf3 26. Kf2 Bxg2 27. Rae1 Bc6 28. Ke3 Rd5 29. Rxd5 Bxd5 30. a3 Kd7 31. Bh4 Kc6 32. Be7 Rg2 33. Re2 Rg1 34. Rf2 Re1+ 35. Re2 Ra1 0-1

[Event "Cappelle op 30th"]
[Site "Cappelle la Grande"]
[Date "2014.03.03"]
[Round "4"]
[White "Kalmes, Rene"]
[Black "Sadikhov, Ulvi Ramil Oglu"]
[Result "0-1"]
[WhiteElo "1982"]
[BlackElo "2263"]
[PlyCount "62"]
[EventDate "2014.03.01"]
[EventType "swiss"]
[EventRounds "9"]
[EventCountry "FRA"]
[SourceTitle "CBM 159 Extra"]
[Source "ChessBase"]
[SourceDate "2014.04.24"]
[SourceVersion "1"]
[SourceVersionDate "2014.04.24"]
[SourceQuality "1"]

1. e4 c5 2. Nf3 d6 3. d4 cxd4 4. c3 d3 5. Bxd3 Nc6 6. 0-0 Nf6 7. h3 g6 8. Be3 Bg7 9. Qd2 0-0 10. Na3 b6 11. Rfe1 Bb7 12. Rad1 Qc8 13. Bh6 Rd8 14. Qg5 Bh8 15. Qh4 Ne5 16. Ng5 Qc5 17. Kh2 Bg7 18. Bxg7 Kxg7 19. f4 Nxd3 20. Rxd3 h6 21. Nf3 Bxe4 22. Rde3 d5 23. Ne5 a6 24. c4 Rac8 25. g4 Qd4 26. Nf3 Bxf3 27. Rxf3 dxc4 28. Rxe7 Qxb2+ 29. Kg3 Re8 30. Rxe8 Rxe8 31. Nxc4 Ne4# 0-1

[Event "Ghent Taminco op 36th"]
[Site "Ghent"]
[Date "2013.07.20"]
[Round "2"]
[White "Schroeder, Jan Christian"]
[Black "Kalmes, Rene"]
[Result "1-0"]
[WhiteElo "2340"]
[BlackElo "1982"]
[PlyCount "45"]
[EventDate "2013.07.20"]
[EventType "swiss"]
[EventRounds "9"]
[EventCountry "BEL"]
[SourceTitle "CBM 155 Extra"]
[Source "ChessBase"]
[SourceDate "2013.08.26"]
[SourceVersion "1"]
[SourceVersionDate "2013.08.26"]
[SourceQuality "1"]

1. e4 c5 2. Nf3 d6 3. d4 cxd4 4. Nxd4 Nf6 5. Nc3 g6 6. Be3 Bg7 7. f3 0-0 8. Qd2 Nc6 9. Bc4 Bd7 10. 0-0-0 Rc8 11. Bb3 Ne5 12. Kb1 Re8 13. h4 h5 14. g4 hxg4 15. h5 Nxh5 16. Bh6 Nc4 17. Bxc4 Rxc4 18. Bxg7 Kxg7 19. Rxh5 gxh5 20. Qg5+ Kf8 21. Qxh5 e6 22. Qh6+ Ke7 23. Nf5+ 1-0

[Event "LUX-ch AB"]
[Site "Differdingen"]
[Date "2007.04.15"]
[Round "9.10"]
[White "Kalmes, Rene"]
[Black "Buchholtz, Leon"]
[Result "1/2-1/2"]
[WhiteElo "1975"]
[BlackElo "1930"]
[PlyCount "44"]
[EventDate "2007.04.07"]
[EventType "swiss"]
[EventRounds "9"]
[EventCountry "LUX"]
[SourceTitle "EXT 2008"]
[Source "ChessBase"]
[SourceDate "2007.11.25"]
[SourceVersion "1"]
[SourceVersionDate "2007.11.25"]
[SourceQuality "1"]

1. e4 c5 2. Nf3 Nc6 3. d4 cxd4 4. Nxd4 g6 5. Nc3 Bg7 6. Be3 Nf6 7. Nxc6 bxc6 8. e5 Nd5 9. Nxd5 cxd5 10. Qxd5 Rb8 11. Bc4 0-0 12. 0-0 Qc7 13. Qc5 Qxe5 14. Qxe5 Bxe5 15. Rab1 Rb7 16. b4 d6 17. a4 Bf5 18. Bd3 Bxd3 19. cxd3 Rc8 20. Rfc1 Rxc1+ 21. Bxc1 Kf8 22. Be3 Ke8 1/2-1/2

[Event "LUX-ch AB"]
[Site "Differdingen"]
[Date "2007.04.12"]
[Round "6.10"]
[White "Kalmes, Rene"]
[Black "Christen, Pierre"]
[Result "0-1"]
[WhiteElo "1975"]
[BlackElo "2048"]
[PlyCount "62"]
[EventDate "2007.04.07"]
[EventType "swiss"]
[EventRounds "9"]
[EventCountry "LUX"]
[SourceTitle "EXT 2008"]
[Source "ChessBase"]
[SourceDate "2007.11.25"]
[SourceVersion "1"]
[SourceVersionDate "2007.11.25"]
[SourceQuality "1"]

1. e4 Nf6 2. e5 Nd5 3. d4 d6 4. Nf3 Bg4 5. Be2 c6 6. c4 Nc7 7. 0-0 Bxf3 8. Bxf3 dxe5 9. dxe5 Qxd1 10. Rxd1 Nd7 11. Bf4 Ne6 12. Bg3 h5 13. h3 g6 14. Nc3 Bg7 15. Re1 0-0 16. Rad1 Rfd8 17. b4 Nb6 18. Be2 Rd4 19. c5 Nd7 20. Rxd4 Nxd4 21. Bc4 Nc2 22. Re2 Nxb4 23. Rb2 a5 24. a3 Nxe5 25. Bxe5 Bxe5 26. axb4 Bxc3 27. Re2 e6 28. bxa5 Rxa5 29. Re3 Rxc5 30. Rxc3 b5 31. Kf1 Rxc4 0-1

[Event "LUX-ch AB"]
[Site "Differdingen"]
[Date "2007.04.09"]
[Round "3.4"]
[White "Kalmes, Rene"]
[Black "Serban, Vlad"]
[Result "0-1"]
[WhiteElo "1975"]
[BlackElo "2169"]
[PlyCount "84"]
[EventDate "2007.04.07"]
[EventType "swiss"]
[EventRounds "9"]
[EventCountry "LUX"]
[SourceTitle "EXT 2008"]
[Source "ChessBase"]
[SourceDate "2007.11.25"]
[SourceVersion "1"]
[SourceVersionDate "2007.11.25"]
[SourceQuality "1"]

1. e4 c5 2. Nf3 Nc6 3. d4 cxd4 4. Nxd4 g6 5. Nc3 Bg7 6. Be3 Nf6 7. Bc4 Qa5 8. Nxc6 bxc6 9. 0-0 0-0 10. Bb3 d6 11. f3 Nd7 12. Qd2 Ne5 13. Rad1 Ba6 14. Rfe1 Nc4 15. Bxc4 Bxc4 16. Nd5 Qd8 17. Nb4 Qc7 18. b3 a5 19. Nd3 Ba6 20. c4 Rfd8 21. Qf2 Rab8 22. Bd4 e5 23. Bc3 a4 24. Nb4 Bc8 25. Kh1 Ra8 26. Rd3 Be6 27. Red1 Rd7 28. h3 f5 29. Qd2 Rad8 30. Nc2 Qb7 31. Ba5 Ra8 32. Rxd6 axb3 33. axb3 Rxd6 34. Qxd6 Bf7 35. b4 fxe4 36. fxe4 Bxc4 37. Ne3 Qb5 38. Ng4 Rf8 39. Nxe5 Bxe5 40. Qe7 Bf6 41. Qc7 Be6 42. Qd6 Bb3 0-1

[Event "Luxembourg-chT 9899"]
[Site "Luxembourg"]
[Date "1998.11.22"]
[Round "4"]
[White "Nestler, Patrick"]
[Black "Kalmes, Rene"]
[Result "1-0"]
[WhiteElo "1910"]
[BlackElo "1890"]
[PlyCount "39"]
[EventDate "1998.10.08"]
[EventType "team"]
[EventRounds "10"]
[EventCountry "LUX"]
[SourceTitle "EXT 2005"]
[Source "ChessBase"]
[SourceDate "2004.11.15"]
[SourceVersion "1"]
[SourceVersionDate "2004.11.15"]
[SourceQuality "1"]

1. e4 c5 2. c3 d5 3. exd5 Qxd5 4. d4 cxd4 5. cxd4 Nc6 6. Nf3 Bg4 7. Nc3 Qd8 8. d5 Bxf3 9. Qxf3 Ne5 10. Bb5+ Nd7 11. 0-0 a6 12. Ba4 b5 13. Bb3 Ngf6 14. Re1 Rc8 15. Bg5 Qb6 16. Rad1 Qd6 17. Bf4 Qb4 18. Ne4 Kd8 19. Bd2 Qd4 20. Ba5+ 1-0

[Event "LUX-chABC"]
[Site "Dudelange"]
[Date "1998.04.18"]
[Round "8.17"]
[White "Antony, Roland"]
[Black "Kalmes, Rene"]
[Result "0-1"]
[WhiteElo "1545"]
[BlackElo "1915"]
[PlyCount "84"]
[EventDate "1998.04.11"]
[EventType "swiss"]
[EventRounds "9"]
[EventCountry "LUX"]
[SourceTitle "EXT 2013"]
[Source "ChessBase"]
[SourceDate "2012.11.22"]
[SourceVersion "1"]
[SourceVersionDate "2012.11.22"]
[SourceQuality "1"]

1. d4 d5 2. Bf4 Nf6 3. e3 Bf5 4. Bd3 Bg4 5. Be2 Bxe2 6. Qxe2 c6 7. c3 e6 8. h3 Bd6 9. Bxd6 Qxd6 10. Nf3 Nbd7 11. Qc2 0-0 12. Nbd2 Rac8 13. 0-0 c5 14. Rac1 b5 15. a3 a5 16. Qb1 c4 17. e4 dxe4 18. Nxe4 Nxe4 19. Qxe4 Nf6 20. Qe5 Qc6 21. Rfe1 Rfd8 22. Qh2 Qb7 23. Re5 Rd5 24. Rd1 b4 25. axb4 axb4 26. Rxd5 Nxd5 27. Rc1 bxc3 28. bxc3 Nxc3 29. Kh1 Ne4 30. Qg1 Qb2 31. Rf1 c3 32. Ne5 c2 33. Rc1 Qxd4 34. Ng4 Qd2 35. Ne3 Nxf2+ 36. Kh2 Qxe3 37. Qf1 Nd3 38. Ra1 c1Q 39. Ra8 Qc7+ 40. Kh1 Nf2+ 41. Kg1 Ng4+ 42. Kh1 Qh2# 0-1

[Event "LUX-chABC"]
[Site "Dudelange"]
[Date "1998.04.17"]
[Round "7.17"]
[White "Kalmes, Rene"]
[Black "Gengler, Pierre"]
[Result "1/2-1/2"]
[WhiteElo "1915"]
[BlackElo "1725"]
[PlyCount "80"]
[EventDate "1998.04.11"]
[EventType "swiss"]
[EventRounds "9"]
[EventCountry "LUX"]
[SourceTitle "EXT 2013"]
[Source "ChessBase"]
[SourceDate "2012.11.22"]
[SourceVersion "1"]
[SourceVersionDate "2012.11.22"]
[SourceQuality "1"]

1. e4 e6 2. d4 b6 3. c4 Bb7 4. Nc3 Bb4 5. Bd3 f5 6. d5 fxe4 7. Bxe4 Nf6 8. Bf3 Bxc3+ 9. bxc3 e5 10. Qd3 0-0 11. Ne2 d6 12. Ng3 Nbd7 13. Be3 Qe7 14. 0-0 Rae8 15. Be4 Nxe4 16. Nxe4 Nc5 17. Bxc5 bxc5 18. Rab1 Bc8 19. a4 Qf7 20. a5 Qg6 21. f3 Rf4 22. Qe2 Ref8 23. Kh1 Bf5 24. Kg1 h5 25. Rbd1 Bxe4 26. fxe4 Qxe4 27. Qxe4 Rxe4 28. Rxf8+ Kxf8 29. Rb1 Ke7 30. Rb7 Kd7 31. Rxa7 Rxc4 32. Ra8 Rxc3 33. a6 Ra3 34. a7 c4 35. Kf1 c6 36. Rg8 cxd5 37. a8Q Rxa8 38. Rxa8 Ke6 39. Rc8 Kf5 40. Ke2 g6 1/2-1/2

[Event "LUX-chABC"]
[Site "Dudelange"]
[Date "1998.04.16"]
[Round "6.13"]
[White "Schmit, Francis"]
[Black "Kalmes, Rene"]
[Result "1-0"]
[WhiteElo "1870"]
[BlackElo "1915"]
[PlyCount "95"]
[EventDate "1998.04.11"]
[EventType "swiss"]
[EventRounds "9"]
[EventCountry "LUX"]
[SourceTitle "EXT 2013"]
[Source "ChessBase"]
[SourceDate "2012.11.22"]
[SourceVersion "1"]
[SourceVersionDate "2012.11.22"]
[SourceQuality "1"]

1. d4 d5 2. c4 e6 3. Nc3 Nf6 4. Nf3 Be7 5. Bg5 0-0 6. e3 h6 7. Bh4 b6 8. Bg3 Bb4 9. Rc1 Ne4 10. cxd5 Bxc3+ 11. bxc3 Nxg3 12. hxg3 exd5 13. Bd3 Nd7 14. Qc2 Nf6 15. Ne5 Be6 16. f3 Qd6 17. g4 Nd7 18. g5 Nxe5 19. dxe5 Qxe5 20. gxh6 Qxe3+ 21. Kf1 gxh6 22. Re1 Qg5 23. g3 Qf6 24. Kf2 Bg4 25. f4 h5 26. Re5 Rfe8 27. Rg5+ Kf8 28. Bb5 c6 29. Qh7 cxb5 30. Qg8+ Ke7 31. Re1+ Be6 32. Qh7 Rh8 33. Qd3 Rac8 34. Rxd5 Kf8 35. Rde5 Bc4 36. Qd7 Rd8 37. Qxa7 h4 38. Qa3+ Qd6 39. Qa7 hxg3+ 40. Kg1 Qh6 41. Qe7+ Kg7 42. Rg5+ Qxg5 43. Qxg5+ Kh7 44. f5 Rdg8 45. Qh4+ Kg7 46. Qd4+ Kh6 47. Qf6+ Kh7 48. Re4 1-0

[Event "LUX-chABC"]
[Site "Dudelange"]
[Date "1997.03.30"]
[Round "2.17"]
[White "Buerger, Arsene"]
[Black "Kalmes, Rene"]
[Result "1/2-1/2"]
[WhiteElo "1755"]
[BlackElo "1930"]
[PlyCount "49"]
[EventDate "1997.03.29"]
[EventType "swiss"]
[EventRounds "9"]
[EventCountry "LUX"]
[SourceTitle "EXT 2013"]
[Source "ChessBase"]
[SourceDate "2012.11.22"]
[SourceVersion "1"]
[SourceVersionDate "2012.11.22"]
[SourceQuality "1"]

1. Nf3 Nf6 2. g3 c5 3. Bg2 Nc6 4. d3 d5 5. Nbd2 e6 6. 0-0 Be7 7. Re1 0-0 8. c3 b6 9. Nb3 Bb7 10. d4 Ne4 11. Nfd2 Nxd2 12. Bxd2 cxd4 13. Nxd4 Bf6 14. Nxc6 Bxc6 15. Rc1 Qd7 16. e4 dxe4 17. Bxe4 Rad8 18. Bxc6 Qxc6 19. Qe2 Rd7 20. Rcd1 Rfd8 21. Be3 Be7 22. Bd4 Bc5 23. Bxc5 Qxc5 24. Rxd7 Rxd7 25. Rd1 1/2-1/2

[Event "Luxembourg op"]
[Site "Luxembourg"]
[Date "1996.??.??"]
[Round "8"]
[White "Kalmes, Rene"]
[Black "Freylinger, Jean Paul"]
[Result "1/2-1/2"]
[WhiteElo "1930"]
[BlackElo "1765"]
[PlyCount "80"]
[EventDate "1996.??.??"]
[EventType "swiss"]
[EventRounds "9"]
[EventCountry "LUX"]
[SourceTitle "EXT 2005"]
[Source "ChessBase"]
[SourceDate "2004.11.15"]
[SourceVersion "1"]
[SourceVersionDate "2004.11.15"]
[SourceQuality "1"]

1. e4 c5 2. d4 cxd4 3. c3 dxc3 4. Nxc3 Nc6 5. Nf3 d6 6. Bc4 e6 7. 0-0 Nf6 8. Qe2 a6 9. Rd1 Qc7 10. Bf4 Ne5 11. Bxe5 dxe5 12. Rac1 Qb8 13. Bb3 Bd7 14. Na4 Bxa4 15. Bxa4+ b5 16. Bb3 Be7 17. Rc6 0-0 18. Rdc1 Ra7 19. Qc2 h6 20. Kf1 Rd8 21. Ke2 a5 22. a3 Rad7 23. Ba2 b4 24. a4 Qb7 25. b3 g5 26. Bb1 Nh5 27. g3 g4 28. Nxe5 Rd2+ 29. Qxd2 Rxd2+ 30. Kxd2 Bg5+ 31. Ke2 Bxc1 32. Rxc1 Nf6 33. Rc4 Kg7 34. Nc6 Qb6 35. e5 Nd5 36. Bd3 h5 37. Nd4 Nc3+ 38. Ke1 Nd5 39. Nb5 Nc3 40. Nd6 Nd5 1/2-1/2

[Event "Luxembourg op"]
[Site "Luxembourg"]
[Date "1996.??.??"]
[Round "2"]
[White "Kalmes, Rene"]
[Black "Weber, Tom"]
[Result "1-0"]
[WhiteElo "1930"]
[BlackElo "1635"]
[PlyCount "41"]
[EventDate "1996.??.??"]
[EventType "swiss"]
[EventRounds "9"]
[EventCountry "LUX"]
[SourceTitle "EXT 2005"]
[Source "ChessBase"]
[SourceDate "2004.11.15"]
[SourceVersion "1"]
[SourceVersionDate "2004.11.15"]
[SourceQuality "1"]

1. e4 e5 2. Nf3 Nc6 3. Bc4 Bc5 4. 0-0 d6 5. c3 Nf6 6. d4 exd4 7. cxd4 Bb6 8. h3 h6 9. Nc3 a6 10. Re1 0-0 11. Bf4 Bd7 12. d5 Ne7 13. e5 dxe5 14. Nxe5 Nf5 15. Qd2 Nd6 16. Bb3 Ba5 17. Bc2 Nb5 18. Bxh6 gxh6 19. Qxh6 Nxc3 20. bxc3 Bxc3 21. Re3 1-0